ENACTION, EMBODIMENT, EVOLUTIONARY ROBOTICS : Simulation Models for a Post-Cognitivist Science of Mind /

Αποθηκεύτηκε σε:
Λεπτομέρειες βιβλιογραφικής εγγραφής
Κύριος συγγραφέας: Marieke Rohde (autor)
Μορφή: Βιβλίο
Γλώσσα:Αγγλικά
Έκδοση: Paris, Francia : Atlantis Press, 2010, c2010
Σειρά:(Atlantis Thinking Machines)
Διαθέσιμο Online:Ver documento en línea
Ετικέτες: Προσθήκη ετικέτας
Δεν υπάρχουν, Καταχωρήστε ετικέτα πρώτοι!

MARC

LEADER 00000nam^a22000000a04500
001 000597383
009 20260413075124.274
020 |a 978-94-91216-34-3 
022 |a 1877-3281 
037 |a Acervo ITESO - Biblioteca 
041 |a ING 
082 |a Libro en línea 
100 |a Marieke Rohde  |e (autor) 
245 |a ENACTION, EMBODIMENT, EVOLUTIONARY ROBOTICS :  |b Simulation Models for a Post-Cognitivist Science of Mind / 
264 4 |a Paris, Francia :  |b Atlantis Press,  |c 2010, c2010 
264 2 |a Cham, Suiza :  |b Springer Link [distribución],  |c 2025 
300 |a 1 libro electrónico en línea (XXXIV, 242 p.) 
300 |a 1 recurso en línea 
336 |a datos para computadora  |b cod  |2 rdacontenido 
337 |a computadora  |b c  |2 rdamedio 
338 |a recurso en línea  |b cr  |2 rdasoporte 
440 |a (Atlantis Thinking Machines) 
506 0 |a Licencias ilimitadas 
567 |a Catalogación rápida 
649 |a XX 
856 4 0 |u https://link-springer-com.ezproxy.iteso.mx/10.2991/978-94-91216-34-3  |y Ver documento en línea 
910 |a Fondo General 
920 |a Electrónicos - Libros en Línea 
930 |a Plataforma Digital 
905 |a 205 
902 |a https://opac.biblio.iteso.mx/vufind/Record/000597383